01033nam a2200265 i 4500001000700000003000900007005001700016007000300033008004100036080001600077080002100093100003900114245016500153260004200318300002000360490002600380610003300406610003400439650003800473700002500511830003400536852005300570999001900623952012500642105513ES-MaACL20250512063029.0t|060720s1974 fr ||||1| fre d a329.14(100) a94(100)"1939/45"1 aTrotsky, Leon, d1879-1940924035013aLa guerre et la révolution : ble naufrage de la IIe Internationale, les debuts de la IIIe Internationale / cLeon Trotsky ; traduit du russe par André Oak. aParis : bTête de Feuilles, c1974. a2 v. ; c22 cm.1 aArchives et documents24aSegunda Internacional.9654224aInternacional Comunista95260 4aGuerra mundial, 1939-1945.9132281 aOak, André.9863701 aArchives et documents92327394 aES-MaACLjAND-300-01 z- Biblioteca Juan Andrade c105513d105513 00104070aATENEOMbATENEOMcDEPO2d2008-01-17eSCl0oAND-300-01p1110162r2023-02-23 00:00:00w2023-02-23yMONOGRAFIA